| 000 | 00683nam a22001817a 4500 | ||
|---|---|---|---|
| 999 |
_c15701 _d15701 |
||
| 003 | AR-CdUCM | ||
| 008 | 190429b ||||| |||| 00| 0 spa d | ||
| 040 |
_aMUNICIPALIDAD PROVINCIAL DEL CUSCO _cBIBLIOTECA MUNICIPAL DEL CUSCO |
||
| 082 |
_aC / 370.710 / _bS48 |
||
| 245 | _aSenderos pedagógicos / | ||
| 260 |
_aCuzco : _bEl Sol, _c1952. |
||
| 300 |
_a186 páginas ; _c25 cm. |
||
| 440 |
_asenderos pedagógicos _n01 _934869 |
||
| 505 | _aConcentración provincial del maestros primarios del cuzco -- Labor de la concentración -- Didactica de la lectura y la escritura -- Lectura y escritura en las clases... | ||
| 650 |
_aPedagogia. _91560 |
||
| 942 |
_2ddc _cLIBROS |
||
| 945 | _awfj | ||